000 00419nam a2200181Ia 4500
001 9466
005 20260306161720.0
008 260306t2007||||xx |||||||||||||| ||spa||
041 _aESP
082 _a379.15
_bA48
100 _aAlvarado Oyarce, Otoniel
_eAUT
245 0 _aDescentralización y gestión educativa
260 _c2007
300 _a
_c
650 _aGEN
654 _aCED
942 _cLIB
_dJUS
_fJUS
_2ddc
_n
999 _c9466
_d9466